Apuesta por lo eterno: escatología cristiana

Guardat en:
Dades bibliogràfiques
Autor principal: Mier, Francisco de (autor)
Format: Llibre
Idioma:espanyol
Publicat: Madrid San Pablo 1997
Matèries:
Etiquetes: Afegir etiqueta
Sense etiquetes, Sigues el primer a etiquetar aquest registre!

MARC

LEADER 00000nam a2200000 a 4500
001 UCR9034
003 CL-VaPUC
008 980605e19970000SP |||||||||||||||||spa|d
082 0 4 |a 236  |b MIE  |2 21 
100 |a Mier, Francisco de  |e autor  |9 411155 
245 1 0 |a Apuesta por lo eterno: escatología cristiana 
300 |a 349 p 
942 |c BK 
945 |d 19980605 00:00:00  |a aalvarez 
260 |a Madrid  |b San Pablo  |c 1997 
650 0 |a Escatología  |9 314395 
650 7 |a JUICIO FINAL  |2 CL-VaPUC  |9 314396 
650 0 |a Vida futura  |9 267322 
650 0 |a Muerte  |9 265114 
650 0 |a Vida  |9 266033 
583 |a last modification  |c 19980605 00:00:00  |k Rodrigo Vera 
999 |c 270283  |d 270281 
952 |0 0  |1 2  |4 0  |6 236_000000000000000_MIE_1997  |7 0  |8 A  |9 304481  |a BIBTEO  |b BIBTEO  |d 2019-11-20  |i 3431827  |o 236 MIE 1997  |p 3431827  |r 2019-11-20  |w 2019-11-20  |y BK  |k ICR